000 01086cam a2200157 a 4500
999 _c5949
_d5949
020 _a9789988115791
050 0 0 _aKRX78.B87
_bAb8
100 1 _aAbrefa-Gyan, Kwame.
245 1 0 _aBusiness law for professional and tertiary students /
_cKwame Abrefa-Gyan.
250 _a1st ed.
260 _aAccra, Ghana :
_bMethodist Book Depot,
_c2008.
300 _avi, 359 p. ;
_c21 cm.
505 _a 1. Legal system 3 2. The court system 18 3. Chieftaincy 30 4. General principles of law of contract 41 5. Privity of contract 81 6. Capacity 88 7. Content of contract 92 8. Exclusion clauses 97 9. Factors affecting the validity of contracts 102 10. Misrepresentation 109 11. Illegality 115 12. Discharge of the contract 122 13. Remedies for breach of contract 138 14. Sale of goods 152 15. Hire purchase 173 16. Tort of negligence 180 17. Agency 199 18. Testate and intestate succession 222 19. Defamation 235 20. Negotiable instruments 249 References 260
650 0 _aCommercial law
942 _cBK